| 000 | 00639cam a22002171 4500 | ||
|---|---|---|---|
| 001 | sa 68017164 | ||
| 003 | DLC | ||
| 005 | 20260227112700.0 | ||
| 008 | 740710s1966 xx 000 0 ind | ||
| 010 | _asa 68017164 | ||
| 035 | _a(OCoLC)942114 | ||
| 040 |
_aDLC _cOAU _dDLC |
||
| 050 | 0 | 0 |
_aZ1037.8.I5 _bO7 |
| 110 | 2 | _aOrganisasi Pengarang Indonesia. | |
| 245 | 1 | 0 |
_aBatjaan anak-anak: _bpandangan beberapa achli. |
| 260 |
_aDjakarta, _bBalai Pustaka, _c1966. |
||
| 300 |
_a138 p. _c21 cm. |
||
| 504 | _aIncludes bibliographies. | ||
| 650 | 0 |
_aChildren _xBooks and reading _zIndonesia. |
|
| 650 | 0 |
_aBook industries and trade _zIndonesia. |
|
| 999 |
_c87554 _d87554 |
||